Central Library OPAC University of Rajshahi

Introduction to insect pest management / (Record no. 37567)

MARC details
000 -LEADER
fixed length control field 01191nam a2200337 a 4500
001 - CONTROL NUMBER
control field 37567
003 - CONTROL NUMBER IDENTIFIER
rucl marc code BD-RjUL
005 - DATE AND TIME OF LATEST TRANSACTION
control field 20211209052625.0
008 - FIXED-LENGTH DATA ELEMENTS--GENERAL INFORMATION
fixed length control field 150126s1982 nyua b 001 0 eng
020 ## - INTERNATIONAL STANDARD BOOK NUMBER
International Standard Book Number 0471085472 :
035 ## - SYSTEM CONTROL NUMBER
System control number (BD-RjUL)
040 ## - CATALOGING SOURCE
Original cataloging agency DLC
Transcribing agency DLC
Modifying agency DLC
Language of cataloging eng
041 ## - LANGUAGE CODE
Language code of text/sound track or separate title eng
082 00 - DEWEY DECIMAL CLASSIFICATION NUMBER
Classification number 632.7
Edition number 19
Author mark and year INT 1982
245 00 - TITLE STATEMENT
Title Introduction to insect pest management /
Statement of responsibility, etc. edited by Robert L. Metcalf, William H. Luckmann.
250 ## - EDITION STATEMENT
Edition statement 2nd ed.
260 ## - PUBLICATION, DISTRIBUTION, ETC. (IMPRINT)
Place of publication, distribution, etc. New York :
Name of publisher, distributor, etc. Wiley,
Date of publication, distribution, etc. c1982.
300 ## - PHYSICAL DESCRIPTION
Pagination xiv, 577 p. :
Illustrations ill. ;
Size 24 cm.
500 ## - GENERAL NOTE
General note "A Wiley-Interscience publication."
504 ## - BIBLIOGRAPHY, ETC. NOTE
Bibliography, etc Includes bibliographies and index.
650 #0 - SUBJECT ADDED ENTRY--TOPICAL TERM
Topical term or geographic name as entry element Insect pests
General subdivision Control.
9 (RLIN) 115023
700 1# - ADDED ENTRY--PERSONAL NAME
Personal name Metcalf, Robert Lee,
Dates associated with a name 1916-
Personal name Luckmann, William Henry,
Dates associated with a name 1926-
856 42 - ELECTRONIC LOCATION AND ACCESS
Materials specified Publisher description
Uniform Resource Identifier <a href="http://www.loc.gov/catdir/enhancements/fy0608/82004794-d.html">http://www.loc.gov/catdir/enhancements/fy0608/82004794-d.html</a>
Materials specified Table of contents only
Uniform Resource Identifier <a href="http://www.loc.gov/catdir/enhancements/fy0608/82004794-t.html">http://www.loc.gov/catdir/enhancements/fy0608/82004794-t.html</a>
942 ## - ADDED ENTRY ELEMENTS (KOHA)
Source of classification or shelving scheme Dewey Decimal Classification
Koha item type Books
Holdings
Lost status Source of classification or shelving scheme Damaged status Not for loan Permanent Location Current Location Shelving location Date acquired Total Checkouts Full call number Date last seen Copy number Koha item type
  Dewey Decimal Classification   Not For Loan Institute of Biological Sciences (IBSc) Library Institute of Biological Sciences (IBSc) Library   26/01/2015   632.7 INT 1982 26/01/2015 C-1 Books